Della famosissima compagnia della lesina : dialogo, capitoli, e ragionamenti, con l'assottigliamento in tredici punture della punta d'essa lesina ... con la nuou'aggiunta del modo de riceuere li nouitij ... post' insieme dall' academico specvlativo e raccotli dallo economo della spilorceria.

Bibliographic Details
Other Authors: Buoni, Tommaso, F. M. V. (Francesco Maria Viarlardi)
Format: eBook
Language:Italian
Published: Venetia : In Appresso Ghirardo & Iseppo Imberti, 1603.
Series:Making of the modern world (Goldsmiths'-Kress Library of Economic Literature)
Subjects:
Online Access:Connect to the full text of this electronic book

MARC

Tag First Indicator Second Indicator Subfields
LEADER 00000cam a2200000 a 4500
001 in00002323821
005 20190327170312.0
006 m | d |
007 cr |n||||||||n
008 940512s1603 it s 000 0 ita d
040 |a ResP  |c ResP  |d Thomson Gale  |d UtOrBLW 
245 0 0 |a Della famosissima compagnia della lesina :  |b dialogo, capitoli, e ragionamenti, con l'assottigliamento in tredici punture della punta d'essa lesina ... con la nuou'aggiunta del modo de riceuere li nouitij ... post' insieme dall' academico specvlativo e raccotli dallo economo della spilorceria. 
264 1 |a Venetia :  |b In Appresso Ghirardo & Iseppo Imberti,  |c 1603. 
300 |a 8 unnumbered pages, 108 pages, 3 unnumbered pages, 82 leaves ;  |c 14 cm. 
336 |a text  |b txt  |2 rdacontent 
337 |a computer  |b c  |2 rdamedia 
338 |a online resource  |b cr  |2 rdacarrier 
500 |a Title vignette, initials. 
500 |a Volume 2 has special title page: Continvatione degl'ordini, & capitoli della compagnia della lesina ; and includes, with special title page: Consvlto della matrone, seconda additione à gl'ordini & capitoli della Compagnia della lesina. 
500 |a Running title: Compagnia della lesina. 
500 |a Attributed to F.M. Vialardi and to T. Buoni. Cf. BM cat. 
500 |a Reproduction of original from Kress Library of Business and Economics, Harvard University. 
500 |a Goldsmiths'-Kress number 326.100. 
510 4 |a RLIN,  |c CTRG94-B1530 
533 |a Electronic reproduction.  |b Farmington Hills, Mich. :  |c Thomson Gale,  |d 2005.  |f (The making of the modern world).  |n Available via the World Wide Web.  |n Access limited to licensing agreements.  |7 s2005 miunns 
500 |a Electronic resource. 
650 0 |a Compagnia della lesina (Fictitious organization) 
650 0 |a Saving and investment  |x Anecdotes  |x Early works to 1800. 
655 0 |a Electronic books. 
700 1 |a Buoni, Tommaso. 
700 1 |a F. M. V.  |q (Francesco Maria Viarlardi) 
740 0 |a Compagnia della lesina. 
740 0 |a Continvatione degl'ordini, & capitoli della compagnia della lesina. 
740 0 |a Consvlto delle matrone, seconda additione à gl'ordini, & capitoli della compagnia lesina. 
830 0 |a Making of the modern world (Goldsmiths'-Kress Library of Economic Literature) 
856 4 0 |u http://proxy.library.tamu.edu/login?url=http://galenet.galegroup.com/servlet/MOME?af=RN&ae=U109531327&srchtp=a&ste=14&locID=txshracd2898  |z Connect to the full text of this electronic book  |t 0 
999 |a MARS 
999 f f |s 5387e180-7d63-359b-b5b9-47b45e0ee271  |i f45d0c9f-8a3a-391a-b9bf-8c395a54087f  |t 0 
952 f f |a Texas A&M University  |b College Station  |c Electronic Resources  |d Available Online  |t 0  |h No information provided 
998 f f |t 0  |l Available Online